| 000 | 01844cam a22003255i 4500 | ||
|---|---|---|---|
| 001 | 22246240 | ||
| 003 | NUST | ||
| 005 | 20220815090316.0 | ||
| 008 | 210921s2021 pk bd b 000 0 eng | ||
| 010 | _a 2021318928 | ||
| 020 | _a9789698772093 | ||
| 037 | _bLibrary of Congress -- Islamabad Overseas Office | ||
| 040 |
_aDLC _beng _cDLC _erda |
||
| 042 | _alcode | ||
| 043 | _aa-pk--- | ||
| 082 | _a327.7305, HIG | ||
| 100 | 1 |
_aShabbir, Talat, _eauthor. _997076 |
|
| 245 | 1 | 0 |
_aHigher than Karakoram : _bseven decades of Pakistan-China partnership / _cedited by Dr. Talat Shabbir. |
| 250 | _aFirst edition. | ||
| 264 | 1 |
_aIslamabad : _bChina-Pakistan Study Centre, Institute of Strategic Studies, _c2021. |
|
| 300 |
_av, 186 pages : _bmaps, charts ; _c24 cm |
||
| 336 |
_atext _btxt _2rdacontent |
||
| 337 |
_aunmediated _bn _2rdamedia |
||
| 338 |
_avolume _bnc _2rdacarrier |
||
| 505 | _aChina-Pakistan Relations in Changing Geo-Political Environment (Page-1), China and South Asia: Opportunities and Challenges (Page-22), Integration of Technology and Economy Boosts High Quality Development of CPEC (Page-44), Ensuring Healthy Cities under CPEC (Page-62), tan-China Cultural and Tourism Cooperation (Page-85), Enhancing Bilateral Cooperation in Science and technology (Page-99), Pakistan-China Collaboration in the Realm of Higher Education (Page-121), Pakistan-China Trade and Investment Relations: Progress, Status and Future (Page-134), China in the Indian Ocean Region: Dynamics of Competition and Stability (Page-149), China's Health Silk Road: Prospects for Global Health Cooperation (Page-164). | ||
| 710 | 2 |
_aInstitute of Strategic Studies (Islāmābād, Pakistan). _bChina-Pakistan Study Centre, _epublisher. _997077 |
|
| 906 |
_a7 _bibc _corigode _d3 _encip _f20 _gy-gencatlg |
||
| 942 |
_2ddc _cBK |
||
| 999 |
_c590934 _d590934 |
||